000 00394nam a2200169Ia 4500
001 12000
003 IN-NITTTR
005 20251114233112.0
008 251113s9999||||xx |||||||||||||| ||eng||
040 _beng
040 _cIN-NITTTR
041 _aeng
082 _a658.8 H198M
100 _aHansen, Harry L.
245 0 _aMarketing :
_b text and cases /
_cHansen, Harry L.
942 _2ddc
_cBK
999 _c14636
_d14636